00151nam a2200061Ia 4500008004100000100001800041245003000059240331s9999 xx 000 0 und d aPonnambalam,M 0aYatharthamum Athmarthamum